Chcete vzdelaných zamestnancov? Vyskúšajte e-learning!

Využívanie alternatívnych možností vzdelávania zamestnancov, ku ktorým patrí aj elektronické vzdelávanie. Najznámejšie systémy, ktoré existujú v rámci elektronického vzdelávania. História a druhy e-learningu.

Salvato in:
Dettagli Bibliografici
Autore principale: Ševčíková, Kamila
Natura: Capitolo di libro
Lingua:slovacco
Soggetti:
Tags: Aggiungi Tag
Nessun Tag, puoi essere il primo ad aggiungerne!!

MARC

LEADER 00000naa a2200000 4500
001 0165737
005 20230912102425.1
041 0 |a slo 
044 |a SK 
245 1 0 |a Chcete vzdelaných zamestnancov? Vyskúšajte e-learning!  |c Kamila Ševčíková 
520 |a Využívanie alternatívnych možností vzdelávania zamestnancov, ku ktorým patrí aj elektronické vzdelávanie. Najznámejšie systémy, ktoré existujú v rámci elektronického vzdelávania. História a druhy e-learningu. 
610 2 0 |a vzdelávanie 
610 2 0 |a vzdelávanie elektronické 
610 2 0 |a vzdelávanie dištančné 
610 2 0 |a komunikácia elektronická 
610 2 0 |a vzdelávanie ďalšie 
610 2 0 |a rozvoj pracovníkov 
100 1 |a Ševčíková, Kamila